| 000 | 00927nam a22002657a 4500 | ||
|---|---|---|---|
| 005 | 20110608103154.0 | ||
| 008 | 110628t xxu||||| |||| 00| 0 eng d | ||
| 010 | _aENG-102742 | ||
| 020 |
_c300.00 _a8188710091 |
||
| 035 | _aEN-86275 | ||
| 037 | _bDBAD / VEN | ||
| 040 |
_adpl _bEnglish |
||
| 082 | _a920.054 | ||
| 100 |
_928493 _aBhatia, R.M. |
||
| 245 |
_aFamous personalities of India / _cby R.M.Bhatia |
||
| 260 |
_aLucknow _bGangaotri Publication _c2010 |
||
| 270 |
_a106, Keishan Lok Colony, phase-1, post box: Banthara, Kanpur Road _bLocknow _e227101 |
||
| 300 | 2 |
_a182 p.: _c22cm (Hb) _bil.l |
|
| 650 | _928496 | ||
| 650 | _928522 | ||
| 700 | _928520 | ||
| 942 |
_2ddc _cEN _mBHA _h920.054 |
||
| 999 |
_c53432 _d53432 |
||